000 00480nam a2200193Ia 4500
003 LK-CoDNM
005 20240827111712.0
008 010623t1935 xxu||||| |||| 00| 1 eng d
040 _aLK-CoDNM
_dLK-CoDNM
_eLK-CoDNM
041 _aeng
_aHindi
080 _a22
_bO1
100 _aSitaram,Ranjit
245 _aRaajatarangini
260 _bThe Indian Press
_aIndia
_c1935
300 _bxxxv, 645p. : 21ill ; 29 cm
650 _aIndian History
650 _aKasmir
942 _cBK
999 _c97662
_d97662